000
00328nam a2200133Ia 4500
008
240624s9999 xx 000 0 und d
041
_a
eng
082
_a
658.8 LEV
100
_a
LEVITT THEODORE
245
_a
MARKETING MYOPIA
260
_c
2008
_a
Boston
_b
Harvard Business Review Press
300
_a
104 , p.
365
_c
RS
_b
30
999
_c
30930
_d
30930